000 00792nam a2200241Ia 4500
003 OSt
005 20220926020239.0
006 a|||||r|||| 00| 0
007 ta
008 220923b |||||||| |||| 00| 0 eng d
020 _a9780415988407
_c2035.8099999999999
037 _b98, 26/11/2010, AVIVA BOOKS COMPANY
_cGeneral Book
040 _aRTL
_cRTL
_beng
041 _2eng
_aeng
082 _aX:51.1(X), P9
100 _aKvint Vladimir
_9323964
245 0 _aGlobal emerging market
_b Strategic management and economics
260 _aNew York
_bRoutledge
_c2009
300 _axxxii, 453p Bibliography: P 440-42
_ccm.
650 _aCommerce
942 _hX:51.1(X), P9
_cGB
_2CC
999 _c633753
_d633753